000 00417pab a2200157 454500
008 180718b2002 xxu||||| |||| 00| 0 eng d
100 _aMurray, Michael
245 _aConnecting narrative and social representation theory in health research
260 _c2002
300 _ap.655-73.
362 _aDec
650 _aResearch
650 _aHealth services
773 _aSocial Science Information
909 _a55262
999 _c55262
_d55262